| 000 | 00799nam a22002297a 4500 | ||
|---|---|---|---|
| 001 | 77197 | ||
| 003 | BD-RjUL | ||
| 005 | 20211209082937.0 | ||
| 008 | 200302r19841980enk||||| |||| 00| 0 eng d | ||
| 035 | _a(BD-RjUL)77421 | ||
| 040 |
_aBD-RjUL _beng _cBD-RjUL |
||
| 041 | _aeng | ||
| 082 |
_223 _a658.8342 _bTAE 1984 |
||
| 100 |
_aTabibian, Mohammad. _9240222 |
||
| 245 |
_aAn empirical investigation in the theory of consumer behavior / _cby Mohammad Tabibian. |
||
| 260 |
_aAnn Arbor, Mich. : _bUniversity Microfilms International, _c1984. |
||
| 300 |
_aix, 115 pages : _billustrations ; _c21 cm. |
||
| 500 | _aReproduction of thesis (Ph. D.) - Duke University, Durham, N.C., 1980. | ||
| 650 |
_aConsumer behavior _9240223 |
||
| 650 |
_aConsumers _xMathematical models _9240224 |
||
| 942 |
_2ddc _cBK |
||
| 999 |
_c77197 _d77197 |
||